Musicians A-Z by Picture - Statistics

General Stats
  • This quiz has been taken 851 times
  • The average score is 20 of 26
Answer Stats
Picture Hint Answer % Correct
E Eminem
97%
F Freddie Mercury
95%
M Michael Jackson
95%
H Harry Styles
93%
B Bob Marley
92%
A Adele
91%
N Nicki Minaj
89%
R Rihanna
89%
T Taylor Swift
89%
D David Bowie
87%
P Prince
87%
J Jennifer Lopez
85%
L Lady Gaga
85%
K Kurt Cobain
83%
C Céline Dion
80%
O Ozzy Osbourne
80%
I Ice Cube
76%
S Shakira
76%
U Usher
74%
W Whitney Houston
71%
G George Harrison
66%
X XXXTentacion
61%
Z Zayn Malik
55%
Q Queen Latifah
50%
V Victoria Beckham
35%
Y Young Thug
20%
No matching quizzes found
Score Distribution
Percent of People with Each Score
Percentile by Number Answered
Your Score History
You have not taken this quiz